| 000 | 00526nam a2200121Ia 4500 | ||
|---|---|---|---|
| 008 | 171212s9999 xx 000 0 und d | ||
| 020 | _a9780833087751 | ||
| 100 | _aRobinson, Linda;Miller, Paul D.;Gordon, John IV;Decker, Jeffrey;Schwille, Michael | ||
| 245 |
_cRobinson, Linda;Miller, Paul D.;Gordon, John IV;Decker, Jeffrey;Schwille, Michael _aImproving Strategic Competence _bLessons from 13 Years of War |
||
| 260 |
_bRAND Corporation _c2014 |
||
| 650 | _aHistory | ||
| 856 | _uhttp://www.jstor.org/stable/10.7249/j.ctt14bs3nh | ||
| 999 |
_c352202 _d352202 |
||